Code Cracker! XV Quiz Stats

 Plays Quiz Updated May 8, 2018

Also try: Code Cracker! XIV
Challenge
Share
Tweet
Score 0/162 Timer 04:00
5 Plays Today
% Correct
✔​
100%
K​
100%
K​
100%
✔​
100%
W​
100%
W​
100%
✔​
94.5%
I​
94.5%
I​
94.5%
I​
94.5%
I​
94.5%
I​
94.5%
I​
94.5%
I​
94.5%
I​
94.5%
I​
94.5%
I​
94.5%
I​
94.5%
I​
94.5%
I​
94.5%
✔​
92.4%
E​
92.4%
E​
92.4%
E​
92.4%
E​
92.4%
E​
92.4%
E​
92.4%
E​
92.4%
E​
92.4%
E​
92.4%
E​
92.4%
E​
92.4%
E​
92.4%
E​
92.4%
E​
92.4%
E​
92.4%
E​
92.4%
E​
92.4%
✔​
92%
N​
92%
N​
92%
N​
92%
N​
92%
N​
92%
N​
92%
N​
92%
N​
92%
N​
92%
N​
92%
N​
92%
N​
92%
✔​
91.9%
T​
91.9%
T​
91.9%
% Correct
T​
91.9%
T​
91.9%
T​
91.9%
T​
91.9%
T​
91.9%
T​
91.9%
T​
91.9%
T​
91.9%
T​
91.9%
T​
91.9%
✔​
89.9%
R​
89.9%
R​
89.9%
R​
89.9%
R​
89.9%
R​
89.9%
R​
89.9%
R​
89.9%
R​
89.9%
R​
89.9%
✔​
89.6%
A​
89.6%
A​
89.6%
A​
89.6%
A​
89.6%
A​
89.6%
A​
89.6%
A​
89.6%
A​
89.6%
A​
89.6%
A​
89.6%
✔​
89.1%
S​
89.1%
S​
89.1%
S​
89.1%
S​
89.1%
S​
89.1%
S​
89.1%
S​
89.1%
S​
89.1%
S​
89.1%
S​
89.1%
✔​
87.6%
G​
87.6%
G​
87.6%
G​
87.6%
G​
87.6%
✔​
87.4%
O​
87.4%
O​
87.4%
O​
87.4%
O​
87.4%
O​
87.4%
✔​
85.2%
% Correct
U​
85.2%
U​
85.2%
U​
85.2%
U​
85.2%
✔​
84.6%
C​
84.6%
C​
84.6%
C​
84.6%
C​
84.6%
C​
84.6%
✔​
84.1%
D​
84.1%
D​
84.1%
D​
84.1%
D​
84.1%
D​
84.1%
D​
84.1%
✔​
84%
L​
84%
L​
84%
L​
84%
L​
84%
L​
84%
L​
84%
✔​
81.5%
Y​
81.5%
Y​
81.5%
Y​
81.5%
✔​
81%
M​
81%
M​
81%
M​
81%
✔​
80.8%
H​
80.8%
H​
80.8%
✔​
78.9%
P​
78.9%
✔​
78.6%
X​
78.6%
X​
78.6%
✔​
76.1%
J​
76.1%
✔​
75.4%
B​
75.4%
B​
75.4%
✔​
75.1%
Z​
75.1%
Z​
75.1%
✔​
71%
Q​
71%
✔​
70.8%
V​
70.8%
68.6%
F​
68.6%

You're not logged in!

Compare scores with friends on all Sporcle quizzes.
Join for Free
OR
Log In

You Might Also Like...

Show Comments

Extras

Top Quizzes Today


Score Distribution

Your Account Isn't Verified!

In order to create a playlist on Sporcle, you need to verify the email address you used during registration. Go to your Sporcle Settings to finish the process.

Report this User

Report this user for behavior that violates our Community Guidelines.

Details: